01186nab a22002297a 4500003000400000005001700004008004100021040000700062100002700069245010200096260004200198300001300240500003700253505036100290505008900651650002000740650001300760650002300773650002400796650002000820773011600840OSt20260201152601.0190506c xxu||||| |||| 00| 0 spa d cPJ aGauna, Belén Isabel 10aNueva concepción del derecho del trabajo / bBelén Isabel Gauna, Rodrigo Gastón Sánchez.  aBuenos Aires :bAbeledoPerrot,c2023. ap. 26-32 aCita: TR LALEY AR/DOC/1569/2023  aSumario: I. Contrato de trabajo: relación de dependencia.— II. ¿Plataformas digitales como contrato de trabajo?— III. Trabajadores de plataforma: ¿nueva categoría de trabajadores?— IV. Jurisprudencia argentina: principio de la primacía de la realidad.— V. ¿Cómo es en otras partes del mundo?— VI. Conclusiones.— VII. Bibliografía.  t¿Te interesa el texto completo? Comunicate al correo: koha@justierradelfuego.gov.ar 0aDERECHO LABORAL 0aINTERNET 0aJORNADA DE TRABAJO 0aCONTRATO DE TRABAJO 0aPROYECTO DE LEY0 02751dBuenos Aires : AbeledoPerrot, 2013-tRevista de derecho laboral y seguridad social. Nº 16 - Agosto 2023